Cyclisme : Stefan Küng Victoires WT - Statistiques

Statistiques générales
  • Ce quiz a été pris 80 fois
  • Le résultat moyen est 7 sur 9
Statistiques - réponses
Années Équipe Indice Réponse % Correct
2018 BMC Racing Team Contre la montre Tour de Suisse
94%
2021 Groupama - FDJ Contre la montre Tour de Suisse
94%
2023 Groupama - FDJ Contre la montre Tour de Suisse
94%
2024 Groupama - FDJ Contre la montre Tour d'Espagne
91%
2015 BMC Racing Team Étape Tour de Romandie
85%
2017 BMC Racing Team Étape Tour de Romandie
85%
2019 Groupama - FDJ Étape Tour de Romandie
85%
2017 BMC Racing Team Contre la montre BinckBank Tour
28%
2018 BMC Racing Team Contre la montre BinckBank Tour
28%
Aucun quiz correspondant
Distribution des résultats
% des personnes avec chaque résultat
Percentile par nombre de réponses
Votre historique - résultats
Vous n’avez pas pris ce quiz